skbl

Dr Suryya Kumar Bhuyan Library Web-OPAC
ডঃ সূৰ্য্য
কুমাৰ ভূঞা পুথিভঁৰাল ৱেব-অ'পেক

All Research Scholars are advised to clear the annual library fees to continue using Library Resources, Remote Access, Plagiarism Test and Library Clearance.

Cotton University Book Fair 2026

Linear Programming: Methods and Applications / (Record no. 3698)

MARC details
000 -LEADER
fixed length control field 00632nam a2200229Ia 4500
001 - CONTROL NUMBER
control field 3710
008 - FIXED-LENGTH DATA ELEMENTS--GENERAL INFORMATION
fixed length control field 201121s1998 ii g b000 u 465 u
020 ## - INTERNATIONAL STANDARD BOOK NUMBER
International Standard Book Number 81-224-1034-0
082 ## - DEWEY DECIMAL CLASSIFICATION NUMBER
Classification number 519.7
100 ## - MAIN ENTRY--PERSONAL NAME
Personal name Shenoy, G.V. .
245 #0 - TITLE STATEMENT
Title Linear Programming: Methods and Applications /
Statement of responsibility, etc. G.V. Shenoy.
Medium Textual Documents
250 ## - EDITION STATEMENT
Edition statement 2nd ed. /
260 ## - PUBLICATION, DISTRIBUTION, ETC.
Place of publication, distribution, etc. New Delhi :
Name of publisher, distributor, etc. Wiley Eastern ,
Date of publication, distribution, etc. 1998.
300 ## - PHYSICAL DESCRIPTION
Extent 223p. ;
Dimensions 23cm.
504 ## - BIBLIOGRAPHY, ETC. NOTE
Bibliography, etc. note Index
653 ## - INDEX TERM--UNCONTROLLED
Uncontrolled term Mathematics-Linear Programming
653 ## - INDEX TERM--UNCONTROLLED
Uncontrolled term Linear Programming
653 ## - INDEX TERM--UNCONTROLLED
Uncontrolled term PG-Mathematics
653 ## - INDEX TERM--UNCONTROLLED
Uncontrolled term G-Mathematics
653 ## - INDEX TERM--UNCONTROLLED
Uncontrolled term T/G-Mathematics
942 ## - ADDED ENTRY ELEMENTS (KOHA)
Source of classification or shelving scheme Dewey Decimal Classification
Koha item type Books
Holdings
Withdrawn status Lost status Damaged status Not for loan Home library Current library Date acquired Coded location qualifier Total checkouts Full call number Barcode Date last seen Copy number Price effective from Koha item type
        Dr. Suryya Kumar Bhuyan Library Dr. Suryya Kumar Bhuyan Library 01/02/2012 00000   519.7 Sh 31 Li A-172 13/01/2024 10 01/02/2012 Books
        Dr. Suryya Kumar Bhuyan Library Dr. Suryya Kumar Bhuyan Library 01/02/2012 00000   519.7 Sh 31 Li 1066/Math 13/01/2024 1 01/02/2012 Books
        Dr. Suryya Kumar Bhuyan Library Dr. Suryya Kumar Bhuyan Library 01/02/2012 00000   519.7 Sh 31 Li 615/Stat 13/01/2024 5 01/02/2012 Books
        Dr. Suryya Kumar Bhuyan Library Dr. Suryya Kumar Bhuyan Library 01/02/2012 00000   519.7 Sh 31 Li 616/Stat 13/01/2024 6 01/02/2012 Books
        Dr. Suryya Kumar Bhuyan Library Dr. Suryya Kumar Bhuyan Library 01/02/2012 00000   519.7 Sh 31 Li 618/Stat 13/01/2024 2 01/02/2012 Books
        Dr. Suryya Kumar Bhuyan Library Dr. Suryya Kumar Bhuyan Library 01/02/2012 00000   519.7 Sh 31 Li 88803 13/01/2024 4 01/02/2012 Books
        Dr. Suryya Kumar Bhuyan Library Dr. Suryya Kumar Bhuyan Library 01/02/2012 00000   519.7 Sh 31 Li 88804 13/01/2024 3 01/02/2012 Books
        Dr. Suryya Kumar Bhuyan Library Dr. Suryya Kumar Bhuyan Library 01/02/2012 00000   519.7 Sh 31 Li 90837 13/01/2024 8 01/02/2012 Books
        Dr. Suryya Kumar Bhuyan Library Dr. Suryya Kumar Bhuyan Library 01/02/2012 00000   519.7 Sh 31 Li 90838 13/01/2024 9 01/02/2012 Books
        Dr. Suryya Kumar Bhuyan Library Dr. Suryya Kumar Bhuyan Library 01/02/2012 00000   519.7 Sh 31 Li 90839 13/01/2024 7 01/02/2012 Books

Designed and Maintained by Team SKBL
©1901-2026

Powered by Koha